000 00548nam a2200217Ia 4500
003 OSt
005 20220924153540.0
006 a|||||r|||| 00| 0
007 ta
008 220923b |||||||| |||| 00| 0 mar d
024 _a350675
037 _cTextual
040 _aARTS
_cARTS
_bmar
041 _2mar
_amar
082 _aO155, P3
100 _aIngale V N Au.
_9229149
245 0 _aKastkanyanche kevari bhai Udhavrav Patil
260 _c2003
942 _hO155, P3
_cTEXL
_2CC
999 _c473988
_d473988